[Event "K41 Aabent Mesterskab 2005-06"]
[Site "Copenhagen"]
[Date "2005.11.15"]
[Round "1"]
[White "Christensen, Aage"]
[Black "Edoo, Niels"]
[Result "0-1"]
[WhiteElo "1567"]
[BlackElo "1964"]
[PlyCount "70"]
[EventDate "2005.??.??"]


1. d4 Nf6 2. c4 c5 3. d5 e6 4. Nc3 exd5 5. cxd5 d6 6. e4 g6 7. f4 Bg4 8. Nf3 a6
9. a4 Bg7 10. Be2 O-O 11. h3 Bxf3 12. Bxf3 Re8 13. O-O Qc7 14. Re1 Nbd7 15. g4
h6 16. h4 Nh7 17. g5 b5 18. gxh6 Bxh6 19. axb5 axb5 20. Nxb5 Qb6 21. Rxa8 Rxa8
22. Na3 Qd8 23. Re2 Bg7 24. Qe1 Bd4+ 25. Kh1 Qf6 26. Nc4 Ra4 27. Na3 Ne5 28.
Kg2 Nd3 29. Qd1 Nxc1 30. Qxc1 Qxh4 31. Nb5 Qf6 32. Nxd4 Rxd4 33. Qe3 Qh4 34.
Rd2 Rc4 35. Rd1 g5 0-1

[Event "K41 Aabent Mesterskab 2005-06"]
[Site "Copenhagen"]
[Date "2005.11.15"]
[Round "1"]
[White "Christensen, Henning"]
[Black "Opstrup, Niels"]
[Result "1-0"]
[WhiteElo "1623"]
[BlackElo "1240"]
[PlyCount "75"]
[EventDate "2005.??.??"]


1. d4 Nf6 2. c4 c5 3. d5 b5 4. cxb5 a6 5. Nc3 axb5 6. e4 d6 7. Bf4 Nbd7 8. Nxb5
Qa5+ 9. Bd2 Qb6 10. Nc3 g6 11. f4 Bg7 12. Nf3 Ba6 13. Bxa6 Rxa6 14. Qe2 O-O 15.
O-O Rc8 16. Ng5 h6 17. Nxf7 Kxf7 18. e5 dxe5 19. fxe5 Nxe5 20. Qxe5 Qd6 21. Qe2
Re8 22. Kh1 Kg8 23. Nb5 Qb6 24. Nc7 Ra7 25. Nxe8 Nxe8 26. Bc3 Nf6 27. Qd3 Kh7
28. Rae1 Qd6 29. Be5 Qxd5 30. Qxd5 Nxd5 31. Rf7 Nf6 32. Bxf6 Kg8 33. Rxg7+ Kf8
34. Rgxe7 Ra6 35. Bg7+ Kg8 36. Bc3 Rd6 37. Re8+ Kf7 38. R1e7# 1-0

[Event "K41 Aabent Mesterskab 2005-06"]
[Site "Copenhagen"]
[Date "2005.11.15"]
[Round "1"]
[White "Frederiksen, Alan"]
[Black "Gjedde, Thomas"]
[Result "0-1"]
[WhiteElo "1539"]
[BlackElo "1896"]
[PlyCount "38"]
[EventDate "2005.??.??"]


1. Nf3 d5 2. b3 Nf6 3. Bb2 c5 4. e3 Nc6 5. Bb5 Bf5 6. Bxc6+ bxc6 7. d3 e6 8.
Nbd2 Bd6 9. Ne5 Qc7 10. f4 h5 11. h3 O-O-O 12. Ndf3 d4 13. Qe2 Nd5 14. exd4
cxd4 15. O-O-O Nxf4 16. Qe1 Nxg2 17. Qg3 Ne3 18. Qxg7 Rh7 19. Qf6 Be7 0-1

[Event "K41 Aabent Mesterskab 2005-06"]
[Site "Copenhagen"]
[Date "2005.11.15"]
[Round "1"]
[White "Gjelstrup, Ole"]
[Black "Akdag, Dara Sevkan"]
[Result "0-1"]
[WhiteElo "1394"]
[BlackElo "1719"]
[PlyCount "81"]
[EventDate "2005.??.??"]


1. d4 Nf6 2. Nc3 e6 3. Nf3 c5 4. Bg5 cxd4 5. Nxd4 d5 6. e3 a6 7. a3 b5 8. b4
Be7 9. Be2 h6 10. Bf4 Bb7 11. O-O Nbd7 12. Nf3 Nh5 13. Ne5 Nxf4 14. exf4 Qc7
15. Nxd7 Qxd7 16. Qd3 O-O 17. Bg4 Rac8 18. Rad1 Qc7 19. Ne2 Qxc2 20. Qe3 Qc6
21. Nd4 Qd6 22. Nxe6 fxe6 23. Bxe6+ Kh8 24. Bxc8 Rxc8 25. Rfe1 Bf6 26. f5 d4
27. Qe6 Qd8 28. Qf7 Bd5 29. Qg6 Bb3 30. Rd2 d3 31. f4 Bc2 32. Rc1 Qd4+ 33. Kh1
Qxf4 34. Rdd1 Be5 35. Qh5 Qc4 36. f6 Bxf6 37. Qh3 Bb2 38. Rxd3 Bxc1 39. Rf3 Be4
40. Rf2 Be3 41. Qxe3 0-1

[Event "K41 Aabent Mesterskab 2005-06"]
[Site "Copenhagen"]
[Date "2005.11.15"]
[Round "1"]
[White "Hou, Mads"]
[Black "Taylor, Ralph"]
[Result "0-1"]
[WhiteElo "1424"]
[BlackElo "1801"]
[PlyCount "94"]
[EventDate "2005.??.??"]


1. e4 c5 2. b4 b6 3. bxc5 bxc5 4. Nc3 d6 5. f4 Nf6 6. Nf3 g6 7. Bc4 e6 8. O-O
Bb7 9. e5 d5 10. Bb5+ Nfd7 11. d4 a6 12. Ba4 Qc7 13. Ba3 Nc6 14. Ne2 c4 15.
Bxf8 Kxf8 16. c3 h5 17. Ng5 Ne7 18. Bc2 Nf5 19. Rf3 h4 20. Rb1 Rb8 21. Kh1 Bc6
22. Ng1 Ke7 23. N1h3 Rxb1 24. Bxb1 Qa5 25. Nf2 Ba4 26. Qc1 Qb6 27. Ng4 Rb8 28.
Rf1 Qb2 29. Bxf5 gxf5 30. Nh6 Qxc1 31. Rxc1 f6 32. exf6+ Nxf6 33. Re1 Ne4 34.
Nhf7 Rb2 35. Ne5 Rxa2 36. Rb1 Bb3 37. Rc1 Nxc3 38. g3 Ne2 39. Re1 hxg3 40. h4
Nxf4 41. Ng6+ Nxg6 42. Rxe6+ Kd7 43. Rxg6 Rh2+ 44. Kg1 c3 45. Nf3 c2 46. Ne5+
Ke7 47. Rc6 Bc4 0-1

[Event "K41 Aabent Mesterskab 2005-06"]
[Site "Copenhagen"]
[Date "2005.11.15"]
[Round "1"]
[White "Ibsen, Johan"]
[Black "Christiansen, Erling Molbaek"]
[Result "1-0"]
[WhiteElo "1477"]
[BlackElo "1816"]
[PlyCount "59"]
[EventDate "2005.??.??"]


1. e4 e5 2. Nf3 Nc6 3. Bc4 Bc5 4. d3 d6 5. Bg5 Nf6 6. h3 Be6 7. Nbd2 a6 8. c3
Qd7 9. b4 Na7 10. bxc5 O-O 11. Bxf6 gxf6 12. Bxe6 fxe6 13. cxd6 cxd6 14. O-O
Kh8 15. Nc4 Rg8 16. Qd2 b5 17. Ne3 d5 18. Ng4 Qe7 19. exd5 exd5 20. Nh4 Rg5 21.
f4 Rh5 22. Qf2 f5 23. Nxe5 Rxh4 24. Qd4 Qg7 25. Nf7+ Kg8 26. Qxd5 Qf8 27. Nh6+
Kh8 28. Qe5+ Qg7 29. Qxg7+ Kxg7 30. Nxf5+ 1-0

[Event "K41 Aabent Mesterskab 2005-06"]
[Site "Copenhagen"]
[Date "2005.11.11"]
[Round "1"]
[White "Katzmann, Svend Aage"]
[Black "Madsen, Poul Henrik"]
[Result "0-1"]
[WhiteElo "1388"]
[BlackElo "2026"]
[PlyCount "48"]
[EventDate "2005.??.??"]


1. d4 d5 2. c4 c6 3. e3 e6 4. Nf3 f5 5. a3 Nf6 6. Nc3 Bd6 7. Be2 O-O 8. Ne5
Nbd7 9. O-O Nxe5 10. dxe5 Bxe5 11. Qc2 Ne4 12. Nxe4 fxe4 13. Bd2 Bd7 14. f4
exf3 15. Rxf3 Rxf3 16. Bxf3 Qh4 17. Be1 Qxh2+ 18. Kf1 Rf8 19. Rc1 Be8 20. Bf2
Bg6 21. Qe2 Bg3 22. Ke1 Bxf2+ 23. Qxf2 e5 24. cxd5 e4 0-1

[Event "K41 Aabent Mesterskab 2005-06"]
[Site "Copenhagen"]
[Date "2005.11.15"]
[Round "1"]
[White "Krogh, Soren"]
[Black "Nielsen, Soren Skovso"]
[Result "0-1"]
[WhiteElo "1288"]
[BlackElo "1638"]
[PlyCount "98"]
[EventDate "2005.??.??"]


1. d4 Nf6 2. f3 d5 3. Nc3 Nc6 4. e4 dxe4 5. Be3 exf3 6. Nxf3 Nd5 7. Bg1 e6 8.
Bc4 Nxc3 9. bxc3 Bd6 10. Be3 O-O 11. O-O b6 12. Qd3 Ne7 13. Rad1 Ng6 14. Bb3
Bb7 15. c4 c5 16. c3 Qc7 17. h4 Qe7 18. h5 Nf4 19. Bxf4 Bxf4 20. Bc2 f5 21.
Rfe1 Qf6 22. d5 e5 23. Qe2 e4 24. Nd2 Qxc3 25. Ba4 a6 26. Nf1 Qf6 27. Qf2 Be5
28. Kh1 Bd4 29. Qg3 f4 30. Qh3 b5 31. Bc2 Bc8 32. Qh2 Bg4 33. Rb1 f3 34. Bxe4
Be5 35. g3 f2 36. Rec1 Bf3+ 37. Bxf3 Qxf3+ 38. Qg2 Qxh5+ 39. Nh2 bxc4 40. Rb6
Bd4 41. d6 Rae8 42. Rf1 Re1 43. Rc6 Rxf1+ 44. Qxf1 Qd5+ 45. Qg2 Qh5 46. Qf1 Qe5
47. g4 c3 48. d7 Qd5+ 49. Qg2 Qxd7 0-1

[Event "K41 Aabent Mesterskab 2005-06"]
[Site "Copenhagen"]
[Date "2005.11.15"]
[Round "1"]
[White "Nielsen, Jorgen Kamp"]
[Black "Laursen, Niels Norskov"]
[Result "0-1"]
[WhiteElo "1609"]
[BlackElo "2084"]
[PlyCount "34"]
[EventDate "2005.??.??"]


1. e4 c5 2. f4 d5 3. Nc3 dxe4 4. Nxe4 e6 5. Nf3 Be7 6. Bc4 Nf6 7. Qe2 O-O 8.
O-O Nc6 9. c3 b6 10. d3 Qc7 11. Ng3 g6 12. Bd2 Na5 13. Bb3 Nxb3 14. axb3 b5 15.
c4 b4 16. Qe5 Qd8 17. Ne4 Ng4 0-1

[Event "K41 Aabent Mesterskab 2005-06"]
[Site "Copenhagen"]
[Date "2005.11.15"]
[Round "1"]
[White "Nielsen, Michael"]
[Black "Eiholt, Bjarne"]
[Result "1-0"]
[WhiteElo "2034"]
[BlackElo "1588"]
[PlyCount "67"]
[EventDate "2005.??.??"]


1. d4 d5 2. Nf3 Nf6 3. e3 e6 4. Bd3 Be7 5. Nbd2 O-O 6. c3 Nbd7 7. O-O b6 8. Qe2
Bb7 9. e4 dxe4 10. Nxe4 Nxe4 11. Bxe4 Bxe4 12. Qxe4 Nf6 13. Qe2 Re8 14. Ne5 Qd5
15. Be3 Rac8 16. Nd3 Bd6 17. Rfd1 Qb7 18. Bg5 Qe4 19. Qd2 Be7 20. Re1 Qb7 21.
Qe2 Rcd8 22. Ne5 Rd6 23. Rad1 Nd5 24. Bxe7 Rxe7 25. Qf3 Qa6 26. c4 Nf6 27. b4
Qxa2 28. Ra1 Qd2 29. Red1 Qxb4 30. Rxa7 h6 31. Nc6 Rxc6 32. Qxc6 Qb3 33. Qa4
Qb2 34. Qa3 1-0

[Event "K41 Aabent Mesterskab 2005-06"]
[Site "Copenhagen"]
[Date "2005.11.15"]
[Round "1"]
[White "Ottosen, Peder"]
[Black "Abildgaard, Kenneth"]
[Result "1-0"]
[WhiteElo "1957"]
[BlackElo "1560"]
[PlyCount "111"]
[EventDate "2005.??.??"]


1. d4 Nf6 2. c4 d6 3. Nf3 Bf5 4. Nc3 Nbd7 5. Bg5 c6 6. e3 h6 7. Bh4 e6 8. e4
Bg4 9. Be2 Be7 10. O-O e5 11. dxe5 dxe5 12. h3 Bh5 13. Bg3 Bxf3 14. Bxf3 O-O
15. Qc2 Bd6 16. Rad1 Qc7 17. Rd2 Rad8 18. Nd1 Bb4 19. Rd3 Nc5 20. Rxd8 Rxd8 21.
a3 Bd2 22. b4 Ne6 23. Ne3 Nd4 24. Qb2 Qe7 25. Kh1 Ne8 26. Bd1 Bxe3 27. fxe3 Qg5
28. Qf2 f6 29. exd4 Rxd4 30. Qf3 Nd6 31. Bc2 Nxc4 32. Bb3 Kh8 33. Bxc4 Rxc4 34.
Rd1 Rc1 35. Kh2 Rxd1 36. Qxd1 Qe3 37. Qf3 Qxf3 38. gxf3 Kh7 39. Bf2 a6 40. Kg3
Kg6 41. Bc5 h5 42. Kh4 Kh6 43. Be3+ g5+ 44. Kg3 Kg6 45. h4 Kh6 46. Bb6 Kg6 47.
Bd8 gxh4+ 48. Kxh4 f5 49. Bc7 fxe4 50. fxe4 Kf6 51. Kxh5 Ke6 52. Kg6 Kd7 53.
Bxe5 b6 54. Kf7 c5 55. Bc3 Kc6 56. e5 1-0

[Event "K41 Aabent Mesterskab 2005-06"]
[Site "Copenhagen"]
[Date "2005.11.15"]
[Round "1"]
[White "Truelsen, Ole Illum"]
[Black "Carlsen, Rasmus"]
[Result "1-0"]
[WhiteElo "1804"]
[BlackElo "1468"]
[PlyCount "57"]
[EventDate "2005.??.??"]


1. c4 c6 2. Nf3 d5 3. e3 Nf6 4. b3 g6 5. Bb2 Bg7 6. Be2 O-O 7. O-O a6 8. d3 Bd7
9. Nc3 Be8 10. Qc2 Nbd7 11. Rad1 e5 12. Ba3 b5 13. Bxf8 Bxf8 14. d4 e4 15. Ne5
Qc7 16. f4 exf3 17. Rxf3 Nxe5 18. Rxf6 Nd7 19. Rf2 Bd6 20. g4 Nf8 21. cxd5 cxd5
22. Bf3 Rc8 23. Rc1 Ba3 24. Nxd5 Bxc1 25. Nxc7 Bxe3 26. Qe4 Bxf2+ 27. Kxf2 Bd7
28. Nd5 Re8 29. Nf6+ 1-0

[Event "K41 Aabent Mesterskab 2005-06"]
[Site "Copenhagen"]
[Date "2005.11.15"]
[Round "1"]
[White "Weber, John"]
[Black "Sorensen, Ken"]
[Result "1/2-1/2"]
[WhiteElo "1683"]
[BlackElo "1383"]
[PlyCount "138"]
[EventDate "2005.??.??"]


1. f4 Nf6 2. Nf3 g6 3. e3 Bg7 4. d4 b6 5. Bd3 Bb7 6. Nbd2 O-O 7. O-O d6 8. c3
Nbd7 9. Qe2 c5 10. Ng5 Qe8 11. Nc4 Rc8 12. Bd2 h6 13. Nf3 Ne4 14. Rae1 f5 15.
Bc1 Ndf6 16. dxc5 Rxc5 17. Nd4 e5 18. fxe5 dxe5 19. Nf3 Nd7 20. Nfd2 Ndf6 21.
Nb3 Rc7 22. Na3 Bc6 23. Rd1 Qc8 24. Bb5 Bxb5 25. Qxb5 Qe8 26. Qe2 Rff7 27. Rd3
Rcd7 28. Rfd1 Rxd3 29. Rxd3 Rd7 30. Nd2 Qd8 31. Rxd7 Qxd7 32. Qb5 Qxb5 33. Nxb5
a6 34. Nc7 a5 35. Nc4 Nd7 36. Nd5 b5 37. Nxa5 Bf8 38. b4 Nxc3 39. Nxc3 Bxb4 40.
Nxb5 Bxa5 41. Kf2 e4 42. Ke2 Kf7 43. Bd2 Bxd2 44. Kxd2 Nb6 45. Na3 Ke6 46. Nc2
Kd5 47. Kc3 Kc5 48. Kb3 Kb5 49. g3 Nc4 50. h4 Nd2+ 51. Kc3 Nf1 52. h5 gxh5 53.
Nd4+ Ka4 54. Nxf5 Ka3 55. Kd4 Nd2 56. Nxh6 Kxa2 57. Nf5 Kb3 58. Ng7 h4 59. gxh4
Nf3+ 60. Kxe4 Nxh4 61. Kd5 Nf3 62. e4 Kc3 63. Nf5 Kd3 64. Ne7 Ke3 65. Nc6 Kf4
66. Nd4 Nh4 67. e5 Ng6 68. e6 Kg5 69. Nc6 Nf4+ 1/2-1/2

[Event "K41 Aabent Mesterskab 2005-06"]
[Site "Copenhagen"]
[Date "2005.11.29"]
[Round "2"]
[White "Abildgaard, Kenneth"]
[Black "Nielsen, Richard Hjort"]
[Result "1-0"]
[WhiteElo "1560"]
[BlackElo "1336"]
[PlyCount "71"]
[EventDate "2005.??.??"]


1. c4 Nf6 2. g3 c5 3. Bg2 g6 4. Nf3 Bg7 5. Nc3 Nc6 6. d3 e5 7. O-O O-O 8. Bg5
d6 9. Qd2 Be6 10. a3 Qd7 11. Bxf6 Bxf6 12. Ne4 Bg7 13. Neg5 h6 14. Nxe6 Qxe6
15. Rab1 a5 16. e3 Rad8 17. Ne1 Qd7 18. Nc2 Kh7 19. b4 axb4 20. axb4 cxb4 21.
Nxb4 f5 22. Nd5 Rb8 23. Rb5 Na7 24. Rb6 Nc8 25. Rb3 b6 26. Rfb1 Qa7 27. Rb5 Re8
28. Qb4 f4 29. gxf4 exf4 30. Nxf4 Be5 31. Nd5 Qf7 32. d4 Bf6 33. Nxb6 Nxb6 34.
Rxb6 Rxb6 35. Qxb6 Qxc4 36. Qxd6 1-0

[Event "K41 Aabent Mesterskab 2005-06"]
[Site "Copenhagen"]
[Date "2005.11.29"]
[Round "2"]
[White "Akdag, Dara Sevkan"]
[Black "Ottosen, Peder"]
[Result "0-1"]
[WhiteElo "1719"]
[BlackElo "1957"]
[PlyCount "78"]
[EventDate "2005.??.??"]


1. d4 d5 2. c4 c6 3. Bf4 Nf6 4. Nc3 e6 5. e3 Nbd7 6. Nf3 Be7 7. h3 O-O 8. Bd3
dxc4 9. Bxc4 b5 10. Bd3 a6 11. Ne5 Bb7 12. O-O c5 13. Nxd7 Qxd7 14. dxc5 Rad8
15. Bc2 Qc6 16. Qf3 Qxf3 17. gxf3 Bxf3 18. b4 Nd5 19. Nxd5 Rxd5 20. Bd1 Be4 21.
f3 Bd3 22. Bb3 Rh5 23. Rfd1 Be2 24. Bd6 Bxd1 25. Rxd1 Bxd6 26. Rxd6 Ra8 27. Rb6
Kf8 28. c6 Ke8 29. c7 Rc8 30. Rxa6 Rxc7 31. Kg2 Rg5+ 32. Kf2 Rc1 33. Rb6 Rh1
34. f4 Rh2+ 35. Kf1 Rgg2 36. Rxb5 Rb2 37. Kg1 Rhd2 38. Kf1 Rb1+ 39. Bd1 Rbxd1#
0-1

[Event "K41 Aabent Mesterskab 2005-06"]
[Site "Copenhagen"]
[Date "2005.11.29"]
[Round "2"]
[White "Brorsen, Jacob Abildlund"]
[Black "Hou, Mads"]
[Result "1/2-1/2"]
[WhiteElo "1652"]
[BlackElo "1424"]
[PlyCount "110"]
[EventDate "2005.??.??"]


1. f4 c5 2. Nf3 Nc6 3. g3 Nf6 4. Bg2 g6 5. d3 d6 6. O-O Bg7 7. e4 Bg4 8. Qe1
Bxf3 9. Bxf3 Nd4 10. Bd1 Nd7 11. c3 Nc6 12. a4 Qb6 13. Kg2 Qc7 14. Na3 a6 15.
Nc4 O-O 16. Ne3 b5 17. h4 Rae8 18. h5 e6 19. Qf2 b4 20. Bd2 a5 21. g4 bxc3 22.
bxc3 Nb4 23. Be2 Nc6 24. Rh1 Rb8 25. Qh4 f6 26. Qh3 Rb2 27. Nc4 Rbb8 28. hxg6
hxg6 29. Qh7+ Kf7 30. f5 Rg8 31. Qxg6+ Kf8 32. Rh7 Nde5 33. Nxe5 Nxe5 34. Qxf6+
Bxf6 35. Rxc7 exf5 36. exf5 Nxg4 37. Bxg4 Rxg4+ 38. Kf3 Rh4 39. Bf4 Rh3+ 40.
Ke4 Re8+ 41. Kd5 Rxd3+ 42. Kc6 Be5 43. Bh6+ Kg8 44. Rg1+ Kh8 45. Bg7+ Bxg7 46.
Rgxg7 Rc8 47. Kb5 Rxc7 48. Rxc7 Rxc3 49. Kxa5 d5 50. Kb5 d4 51. a5 d3 52. a6 d2
53. a7 Ra3 54. Rd7 Rxa7 55. Rxd2 Kg7 1/2-1/2

[Event "K41 Aabent Mesterskab 2005-06"]
[Site "Copenhagen"]
[Date "2005.11.29"]
[Round "2"]
[White "Carlsen, Rasmus"]
[Black "Wadtland, Flemming"]
[Result "1-0"]
[WhiteElo "1468"]
[BlackElo "1168"]
[PlyCount "70"]
[EventDate "2005.??.??"]


1. f4 Nf6 2. Nf3 b6 3. g3 e6 4. Bg2 c6 5. d3 Bb7 6. e4 d5 7. e5 Ng4 8. d4 Ba6
9. b3 b5 10. O-O Qc8 11. Nh4 Nh6 12. Bh3 Nf5 13. Nxf5 exf5 14. g4 g6 15. gxf5
Qd8 16. f6 Nd7 17. Be3 Qc7 18. c3 O-O-O 19. a4 bxa4 20. Rf2 Bh6 21. Rxa4 Kb7
22. Rfa2 Nb8 23. Bf1 g5 24. Bxa6+ Nxa6 25. Rxa6 Ka8 26. f5 Rb8 27. Rxa7+ Qxa7
28. Rxa7+ Kxa7 29. b4 Kb6 30. Na3 Ra8 31. Bc1 Ra7 32. Qh5 Bf8 33. e6 Bd6 34. e7
Re8 35. Qxf7 Bxe7 1-0

[Event "K41 Aabent Mesterskab 2005-06"]
[Site "Copenhagen"]
[Date "2005.11.29"]
[Round "2"]
[White "Christiansen, Erling Molbaek"]
[Black "Weber, John"]
[Result "0-1"]
[WhiteElo "1816"]
[BlackElo "1683"]
[PlyCount "142"]
[EventDate "2005.??.??"]


1. e4 e5 2. Nf3 Nc6 3. d4 exd4 4. Nxd4 Qf6 5. Be3 Bc5 6. c3 Nxd4 7. cxd4 Bb6 8.
Nc3 c6 9. Be2 Ne7 10. O-O g6 11. e5 Qg7 12. Ne4 Nd5 13. Nd6+ Kd8 14. Qd2 Kc7
15. Bh6 Qg8 16. Ne4 Qe8 17. Bc4 Kb8 18. Bxd5 cxd5 19. Nf6 Qe6 20. Bg7 Rd8 21.
Nxh7 Qg4 22. Rad1 a6 23. Bf6 Rg8 24. Ng5 Ka7 25. Nxf7 Rf8 26. Nd6 Bc7 27. Nxc8+
Raxc8 28. f4 Bb6 29. Kh1 Rc4 30. Qf2 Rfc8 31. h3 Qf5 32. Qe3 Rc2 33. Rf2 Rxf2
34. Qxf2 Qe4 35. Kh2 Rc2 36. Rd2 Rxd2 37. Qxd2 Bxd4 38. g3 Be3 39. Qg2 Qd3 40.
Be7 Bb6 41. Bb4 Qc4 42. a3 d4 43. Qd2 d3 44. Bc3 Qe4 45. h4 Bc5 46. a4 b5 47.
axb5 axb5 48. b4 Bd4 49. Bxd4+ Qxd4 50. Kg2 Kb7 51. Kf3 Kc6 52. g4 Kd5 53. Qa2+
Qc4 54. Qa8+ Kd4 55. Qa7+ Kc3 56. Qa3+ Kc2 57. Qa6 Qc6+ 58. Qxc6+ dxc6 59. e6
d2 60. f5 d1=Q+ 61. Kf4 gxf5 62. gxf5 Qd2+ 63. Ke5 Qh2+ 64. Kf6 Qxh4+ 65. Kf7
Qh7+ 66. Kf6 Qg8 67. e7 Kc3 68. Ke5 Kxb4 69. Kd6 Qd5+ 70. Kc7 Qe5+ 71. Kd8 Qf6
0-1

[Event "K41 Aabent Mesterskab 2005-06"]
[Site "Copenhagen"]
[Date "2005.11.29"]
[Round "2"]
[White "Edoo, Niels"]
[Black "Christensen, Henning"]
[Result "0-1"]
[WhiteElo "1964"]
[BlackElo "1623"]
[PlyCount "78"]
[EventDate "2005.??.??"]


1. e4 e5 2. Nf3 Nc6 3. d4 exd4 4. Nxd4 Bc5 5. Nb3 Bb6 6. Be2 Nf6 7. Nc3 d6 8.
O-O h5 9. Bg5 Be6 10. Nd5 Bxd5 11. exd5 Ne5 12. a4 a6 13. Nd4 Qd7 14. Bxf6 gxf6
15. h3 O-O-O 16. f4 Rdg8 17. f5 Rg5 18. b4 Rhg8 19. Rf2 Rxf5 20. Rxf5 Qxf5 21.
Ra3 Qe4 22. Qf1 Bxd4+ 23. Kh1 Qxd5 24. b5 a5 25. Bxh5 Bc5 26. Rb3 Qd4 27. Bf3
Qxa4 28. Bd5 Qd4 29. c4 a4 30. Rb1 a3 31. b6 Bxb6 32. Rb3 a2 33. Ra3 Kb8 34.
Rxa2 c6 35. c5 Bxc5 36. Bb3 Ng4 37. Bxf7 Qe5 38. g3 Qe4+ 39. Qg2 Qe1+ 0-1

[Event "K41 Aabent Mesterskab 2005-06"]
[Site "Copenhagen"]
[Date "2005.11.29"]
[Round "2"]
[White "Eiholt, Bjarne"]
[Black "Katzmann, Svend Aage"]
[Result "1-0"]
[WhiteElo "1588"]
[BlackElo "1388"]
[PlyCount "29"]
[EventDate "2005.??.??"]


1. d4 Nf6 2. c4 g6 3. Nc3 Bg7 4. Bf4 O-O 5. e3 d6 6. h3 a5 7. Nf3 Nh5 8. Bh2 f5
9. Be2 Na6 10. Rc1 c6 11. O-O Nf6 12. a3 Bd7 13. Qc2 Rc8 14. Qb1 e6 15. Bxd6
1-0

[Event "K41 Aabent Mesterskab 2005-06"]
[Site "Copenhagen"]
[Date "2005.11.29"]
[Round "2"]
[White "Gjedde, Thomas"]
[Black "Ibsen, Johan"]
[Result "0-1"]
[WhiteElo "1896"]
[BlackElo "1477"]
[PlyCount "156"]
[EventDate "2005.??.??"]


1. d4 e6 2. c4 f5 3. Nc3 Nf6 4. a3 b6 5. Bg5 Bb7 6. e3 Be7 7. Nf3 d6 8. Bd3 Ne4
9. Bxe7 Qxe7 10. O-O Nd7 11. Nd2 Nxc3 12. bxc3 Qg5 13. e4 O-O 14. Qe2 Rae8 15.
f4 Qh6 16. e5 dxe5 17. fxe5 Rf7 18. Rae1 Nf8 19. Qf2 g5 20. Ne4 Ng6 21. Nf6+
Rxf6 22. exf6 Nf4 23. Bxf5 Bxg2 24. f7+ Kxf7 25. Be4 Bxf1 26. Rxf1 Kg7 27. Bg2
Rf8 28. Kh1 Qf6 29. Qg3 Qf5 30. Bh3 Qf6 31. Bg4 h6 32. Bd1 Qf5 33. Qf3 Rf6 34.
Rf2 Qb1 35. Rf1 Nh5 36. Qe2 Rxf1+ 37. Qxf1 Nf4 38. Be2 Qxf1+ 39. Bxf1 Kf6 40.
Kg1 Kf5 41. Kf2 Ke4 42. h3 a5 43. Kg3 Ke3 44. c5 bxc5 45. dxc5 Kd2 46. Bb5 e5
47. h4 e4 48. hxg5 hxg5 49. Kg4 e3 50. Kxg5 e2 51. Bxe2 Nxe2 52. Kf5 Kxc3 53.
Ke6 Nd4+ 54. Kd5 c6+ 55. Ke5 a4 56. Ke4 Nb5 57. Ke3 Kc4 58. Ke4 Kxc5 59. Kd3
Nxa3 60. Kc3 Nb5+ 61. Kb2 Kd4 62. Kc2 c5 63. Kb2 c4 64. Kc2 c3 65. Kb1 Kd3 66.
Ka1 Kd2 67. Kb1 c2+ 68. Ka2 Nc3+ 69. Ka3 c1=Q+ 70. Kb4 a3 71. Kb3 a2 72. Kc4
a1=Q 73. Kd4 Ne2+ 74. Ke4 Qc4+ 75. Kf3 Qac3+ 76. Kf2 Q4d4+ 77. Kg2 Nf4+ 78. Kf1
Qf3# 0-1

[Event "K41 Aabent Mesterskab 2005-06"]
[Site "Copenhagen"]
[Date "2005.11.29"]
[Round "2"]
[White "Hansen, John Laurids"]
[Black "Krogh, Soren"]
[Result "1-0"]
[WhiteElo "1538"]
[BlackElo "1288"]
[PlyCount "85"]
[EventDate "2005.??.??"]


1. e4 e5 2. Nf3 f5 3. d3 Nf6 4. Nc3 Nc6 5. Be2 Bc5 6. Bg5 d6 7. Nd5 a6 8. O-O
fxe4 9. dxe4 Be6 10. c3 Rf8 11. b4 Ba7 12. Qb3 Qc8 13. Nxc7+ Qxc7 14. Qxe6+ Qe7
15. Qxe7+ Kxe7 16. Bc4 h6 17. Bxf6+ Rxf6 18. Rac1 Raf8 19. Bd5 g5 20. Rc2 Rf4
21. a3 Nd8 22. Ne1 h5 23. Nd3 R4f6 24. c4 g4 25. c5 h4 26. Kh1 g3 27. f3 Nc6
28. cxd6+ Kxd6 29. Bxc6 bxc6 30. Nc5 a5 31. Rd1+ Kc7 32. Rd7+ Kb8 33. Rcd2 Bxc5
34. bxc5 h3 35. hxg3 hxg2+ 36. Kxg2 Rxf3 37. R7d3 Rf1 38. Rd8+ Kb7 39. Rxf8
Rxf8 40. Rd3 Ka6 41. a4 Rb8 42. Rd6 Kb7 43. Re6 1-0

[Event "K41 Aabent Mesterskab 2005-06"]
[Site "Copenhagen"]
[Date "2005.11.29"]
[Round "2"]
[White "Joensen, Hjalmar"]
[Black "Nielsen, Jorgen Kamp"]
[Result "1/2-1/2"]
[WhiteElo "1423"]
[BlackElo "1609"]
[PlyCount "114"]
[EventDate "2005.??.??"]


1. d4 c5 2. d5 d6 3. c4 g6 4. Nf3 Bg7 5. e4 Nf6 6. Nc3 O-O 7. h3 e6 8. Bd3 exd5
9. exd5 Na6 10. a3 Nc7 11. Rb1 Re8+ 12. Be3 Bf5 13. O-O Ne4 14. Nxe4 Bxe4 15.
Re1 Qd7 16. Ng5 f5 17. Qc2 Bxd3 18. Qxd3 h6 19. Nf3 b5 20. b3 a5 21. Bd2 Rxe1+
22. Bxe1 b4 23. a4 Ne8 24. Nd2 Nf6 25. f3 Re8 26. Bf2 Nh5 27. g3 f4 28. g4 Ng3
29. Re1 Rxe1+ 30. Bxe1 Qe7 31. Bxg3 fxg3 32. Ne4 Bd4+ 33. Kg2 Kg7 34. Qe2 Qe5
35. Nxg3 Kf6 36. Qxe5+ Bxe5 37. Ne4+ Ke7 38. h4 Bf4 39. g5 h5 40. Kf2 Kd7 41.
Ng3 Be5 42. Ne2 Bg7 43. Ke3 Ke7 44. f4 Kf8 45. Ke4 Kf7 46. Ng1 Bf8 47. Nf3 Be7
48. f5 Bd8 49. f6 Bc7 50. Ne1 Bd8 51. Nd3 Bc7 52. Nf4 Bb6 53. Ne6 Kg8 54. Kf4
Kf7 55. Ng7 Bc7 56. Ne6 Bb6 57. Ke4 Kg8 1/2-1/2

[Event "K41 Aabent Mesterskab 2005-06"]
[Site "Copenhagen"]
[Date "2005.11.29"]
[Round "2"]
[White "Laursen, Niels Norskov"]
[Black "Truelsen, Ole Illum"]
[Result "1/2-1/2"]
[WhiteElo "2084"]
[BlackElo "1804"]
[PlyCount "101"]
[EventDate "2005.??.??"]


1. e4 e6 2. d4 d5 3. Nc3 Nf6 4. Bg5 Be7 5. e5 Nfd7 6. Bxe7 Qxe7 7. f4 a6 8. Nf3
c5 9. Qd2 Nc6 10. g3 O-O 11. O-O-O b5 12. dxc5 Nxc5 13. Nd4 Bb7 14. Bg2 Rfd8
15. Nce2 Rac8 16. Nxc6 Bxc6 17. Nd4 Bb7 18. Kb1 Ne4 19. Bxe4 dxe4 20. Qe3 Qc5
21. Rd2 Bd5 22. Rhd1 a5 23. f5 Qc4 24. b3 Qc7 25. Nxb5 Qxe5 26. c4 Qb8 27. Na7
Rxc4 28. fxe6 fxe6 29. Qg5 Rf8 30. Rxd5 exd5 31. Qxd5+ Kh8 32. Qxc4 Qxa7 33.
Qxe4 h6 34. Qd4 Qf7 35. Rd2 Qg6+ 36. Kb2 Qg5 37. Qd5 Qf6+ 38. Ka3 Qe7+ 39. Qd6
Qf7 40. Rd5 Qf1 41. Rxa5 Qc1+ 42. Ka4 Rc8 43. a3 Qc2 44. Qd5 Qe2 45. Ra7 Rb8
46. b4 Qc2+ 47. Qb3 Qc6+ 48. b5 Qb6 49. Ra6 Qd4+ 50. Ka5 Qd2+ 51. Ka4 1/2-1/2

[Event "K41 Aabent Mesterskab 2005-06"]
[Site "Copenhagen"]
[Date "2005.11.29"]
[Round "2"]
[White "Lichtenberg, Ivan"]
[Black "Christensen, Aage"]
[Result "0-1"]
[WhiteElo "1289"]
[BlackElo "1567"]
[PlyCount "48"]
[EventDate "2005.??.??"]


1. e4 e6 2. d4 d5 3. e5 c5 4. c3 Nc6 5. f4 Qb6 6. Nf3 Nge7 7. dxc5 Qxc5 8. Nbd2
Nf5 9. Nb3 Qb6 10. Bd3 Be7 11. Qe2 a5 12. Bxf5 exf5 13. Be3 Qc7 14. O-O b6 15.
Qf2 Rb8 16. Rad1 Be6 17. Nbd4 b5 18. Qc2 Nxd4 19. Nxd4 g6 20. Kh1 O-O 21. Qe2
Qb7 22. Rg1 Rfc8 23. Nxe6 fxe6 24. g4 d4+ 0-1

[Event "K41 Aabent Mesterskab 2005-06"]
[Site "Copenhagen"]
[Date "2005.11.29"]
[Round "2"]
[White "Madsen, Poul Henrik"]
[Black "Rubin, Jacob"]
[Result "1-0"]
[WhiteElo "2026"]
[BlackElo "1745"]
[PlyCount "147"]
[EventDate "2005.??.??"]


1. d4 d5 2. Nf3 Nf6 3. e3 c6 4. Bd3 Bg4 5. h3 Bh5 6. c4 e6 7. Nc3 Nbd7 8. O-O
Bd6 9. Re1 O-O 10. e4 dxe4 11. Nxe4 Nxe4 12. Bxe4 Nf6 13. Bc2 h6 14. g4 Bg6 15.
Bxg6 fxg6 16. Rxe6 Qd7 17. d5 cxd5 18. cxd5 Bc5 19. Be3 Bxe3 20. Rxe3 Qxd5 21.
Rd3 Qb5 22. a4 Qa5 23. Re3 Qd5 24. Qc2 Nxg4 25. Rd3 Ne3 26. Rxe3 Rxf3 27. Rxf3
Qxf3 28. Ra3 Qf7 29. Rc3 Re8 30. Kf1 Qe6 31. Re3 Qa6+ 32. Qd3 Qxd3+ 33. Rxd3
Re7 34. Kg2 Kh7 35. Kf3 h5 36. h4 a6 37. Rd6 Rf7+ 38. Ke3 Rf6 39. Rd4 Re6+ 40.
Kd3 Kg8 41. Rf4 Re5 42. Rb4 Re7 43. Rf4 Rf7 44. Ke3 Rf6 45. Rb4 b6 46. Rc4 Re6+
47. Re4 Rc6 48. Rf4 a5 49. b4 axb4 50. Rxb4 Kf7 51. Kd3 Ke6 52. Kd4 Kd6 53. Ke4
Kc5 54. Rb5+ Kc4 55. Kf4 Kd4 56. Kg5 Kd3 57. f4 Ke4 58. Re5+ Kd4 59. Re7 Rf6
60. Rxg7 Rf5+ 61. Kxg6 Rxf4 62. Kxh5 Ke5 63. Rg4 Rf8 64. Kh6 Ke6 65. h5 Kf5 66.
Rg2 Ke5 67. Kg7 Re8 68. h6 Re7+ 69. Kg6 Rc7 70. Rg5+ Kf4 71. Rf5+ Kg4 72. Rf6
Rc8 73. h7 Rh8 74. Kg7 1-0